La Violencia política en Nicaragua: élites, bases sandinistas y contras en los 90 /
Las promesas hechas a los combatientes nicaragüenses desmovilizados una vez acordada la pacificación, no se materializaron pese a que era un aspecto esencial del proceso democratizador. Y fue lo que activó el surgimiento de recontras y recompas, ya no como grupos políticos armados sino como continge...
Uloženo v:
| Hlavní autor: | |
|---|---|
| Médium: | Text |
| Témata: | |
| Tagy: |
Přidat tag
Žádné tagy, Buďte první, kdo vytvoří štítek k tomuto záznamu!
|
MARC
| LEADER | 00000 a a2200000 04500 | ||
|---|---|---|---|
| 001 | 10577 | ||
| 003 | |||
| 040 | |||
| 100 | |a Martí, Salvador | ||
| 245 | |a La Violencia política en Nicaragua: |b élites, bases sandinistas y contras en los 90 / |c Salvador Martí | ||
| 520 | |a Las promesas hechas a los combatientes nicaragüenses desmovilizados una vez acordada la pacificación, no se materializaron pese a que era un aspecto esencial del proceso democratizador. Y fue lo que activó el surgimiento de recontras y recompas, ya no como grupos políticos armados sino como contingentes de desesperados. Se puso así de manifiesto la irresponsabilidad política y moral de las elites del país. Sólo la unión de las víctimas y desprotegidos podrá moderar los efectos de las políticas en curso, regresivas pese a la retórica democrática. REV//jmml | ||
| 650 | |a VIOLENCIA | ||
| 650 | |a POLITICA | ||
| 650 | |a DEMOCRACIA | ||
| 650 | |a GUERRA CIVIL | ||
| 650 | |a PAZ | ||
| 650 | |a PARTIDOS POLITICOS | ||
| 650 | |a ESTADO | ||
| 650 | |a REVOLUCION | ||
| 773 | |g número 156; páginas 32-43 | ||
| 999 | |c 21111 |d 21111 | ||
